Méthode Néel: lecture

Guardat en:
Dades bibliogràfiques
Format: Llibre
Idioma:francès
Publicat: París Armand Colin 1900
Edició:29a. ed
Matèries:
Etiquetes: Afegir etiqueta
Sense etiquetes, Sigues el primer a etiquetar aquest registre!

MARC

LEADER 00000nam a2200000 a 4500
001 UCZ8673
003 CL-VaPUC
008 960125e19000000FR |||||||||||||||||fre|d
082 0 4 |a 372.4  |b MET  |2 21 
245 1 0 |a Méthode Néel: lecture 
250 |a 29a. ed 
300 |a v 
942 |c BK 
945 |d 19960125 00:00:00  |a cmena 
260 |a París  |b Armand Colin  |c 1900 
650 0 |a Lectura  |9 307634 
650 0 |a Enseñanza de la lectura  |9 308364 
650 0 |a Métodos de aprendizaje  |9 334464 
650 0 |a Métodos de enseñanza  |9 270413 
650 0 |a Escritura  |9 264941 
650 0 |a Enseñanza de la escritura  |9 307377 
650 7 |a FRANCES  |2 CL-VaPUC  |9 259059 
650 7 |a LENGUAS ROMANCES  |2 CL-VaPUC  |9 346632 
650 0 |a Educación lingüística  |9 306506 
583 |a last modification  |c 19960125 00:00:00  |k Rodrigo Vera 
999 |c 244524  |d 244522 
952 |0 0  |1 0  |4 0  |6 372_400000000000000_MET_1900  |7 0  |8 P  |9 258610  |a BIBEDU  |b BIBEDU  |c BIBEDU_PB  |d 2019-11-19  |h v.3  |i 1618997  |o 372.4 MET 1900  |p 1618997  |r 2024-01-25  |w 2019-11-19  |y BK  |k EDU